书目信息 |
| 题名: |
17世纪的荷兰文明
|
|
| 作者: | 赫伊津哈 著 ;何道宽 译 | |
| 分册: | ||
| 出版信息: | 广州 花城出版社 2017.01 |
|
| 页数: | 14,253页 | |
| 开本: | 23cm | |
| 丛书名: | 赫伊津哈经典文集 | |
| 单 册: | ||
| 中图分类: | K563.41 | |
| 科图分类: | ||
| 主题词: | ||
| 电子资源: | ||
| ISBN: | 978-7-5360-8205-2 | |
| 000 | 01089nam0 2200289 450 | |
| 001 | 008972207 | |
| 005 | 20170920091041.01 | |
| 010 | @a978-7-5360-8205-2@dCNY36.00 | |
| 100 | @a20170313d2017 em y0chiy50 ea | |
| 101 | 1 | @achi@cdut |
| 102 | @aCN@b440000 | |
| 105 | @ay z 001yy | |
| 106 | @ar | |
| 200 | 1 | @a17世纪的荷兰文明@917 shi ji de he lan wen ming@dNederland's beschaving in de zeventiende eeuw@f(荷)约翰·赫伊津哈(Johan Huizinga)著@g何道宽译@zdut |
| 205 | @a2版 | |
| 210 | @a广州@c花城出版社@d2017.01 | |
| 215 | @a14,253页@d23cm | |
| 225 | 1 | @a赫伊津哈经典文集 |
| 330 | @a本书内容分为两部。第一部“论尼德兰”,解读荷兰的黄金时代及随后的衰落;第二部“论历史”,讲述荷兰在欧洲的独特角色和作者本人独特的治学之路。 | |
| 333 | @a历史爱好者 | |
| 510 | 1 | @aNederland's beschaving in de zeventiende eeuw@zdut |
| 607 | @a荷兰@x近代史@x研究@z17世纪 | |
| 690 | @aK563.41@v5 | |
| 701 | 0 | @c(荷)@a赫伊津哈@9he yi jin ha@c(Huizinga, Johan@f1872-1945)@4著 |
| 702 | 0 | @a何道宽@9he dao kuan@f(1942-)@4译 |
| 801 | 0 | @aCN@bNLC@c20170531 |
| 905 | @b1076870-75@dK563.41@e4=2@f6 | |
| 17世纪的荷兰文明=Nederland's beschaving in de zeventiende eeuw/(荷)约翰·赫伊津哈(Johan Huizinga)著/何道宽译.-2版.-广州:花城出版社,2017.01 |
| 14,253页;23cm.-(赫伊津哈经典文集) |
| 使用对象:历史爱好者 |
| ISBN 978-7-5360-8205-2:CNY36.00 |
| 本书内容分为两部。第一部“论尼德兰”,解读荷兰的黄金时代及随后的衰落;第二部“论历史”,讲述荷兰在欧洲的独特角色和作者本人独特的治学之路。 |
| ● |
| 相关链接 |
|
|
|
|
正题名:17世纪的荷兰文明
索取号:K563.41/4=2
 
预约/预借
| 序号 | 登录号 | 条形码 | 馆藏地/架位号 | 状态 | 备注 |
| 1 | 1076870 | 210768702 | 第二样本阅览室/ [索取号:K563.41/4=2] | 在馆 | |
| 2 | 1076871 | 210768711 | 第二借阅区/ [索取号:K563.41/4=2] | 在馆 | |
| 3 | 1076872 | 210768720 | 第二借阅区/ [索取号:K563.41/4=2] | 在馆 | |
| 4 | 1076873 | 210768739 | 第二借阅区/ [索取号:K563.41/4=2] | 在馆 | |
| 5 | 1076874 | 210768748 | 第二借阅区/ [索取号:K563.41/4=2] | 在馆 | |
| 6 | 1076875 | 210768757 | 密集书库-史法系/ [索取号:K563.41/4=2] | 在馆 |